| 000 | 01475nam a22003977a 4500 | ||
|---|---|---|---|
| 001 | 0057601 | ||
| 003 | KOHA_MİRAKIL | ||
| 005 | 20260207004126.0 | ||
| 007 | ta | ||
| 008 | 160510b2015 tu |||gr||||#||||0|tur | | ||
| 020 | _a9789751964717 | ||
| 040 |
_aTR-BiSEU _btur _cTR-BiSEU _erda |
||
| 041 | 0 | _atur | |
| 044 | _ctu | ||
| 050 |
_aBP144 _b.O86 2015 |
||
| 245 | 0 |
_aOsmanlı Arşivi'nde Şeyhülislam fetvaları/ _cYayına hazırlayan Sinan Çuluk, Yılmaz Karaca. |
|
| 264 | 1 |
_aİstanbul : _bT.C. Başbakanlık Devlet Arşivleri Genel Müdürlüğü _c2015 |
|
| 300 |
_a256 sayfa ; _c28 cm. |
||
| 336 |
_ametin _btxt _2rdacontent |
||
| 337 |
_aaracısız _bn _2rdamedia |
||
| 338 |
_acilt _bnc _2rdacarrier |
||
| 490 | 1 | _aT.C. | |
| 490 | 1 |
_aBaşbakanlık Devlet Arşivleri Genel Müdürlüğü Osmanlı Arşivi Daire Başkanlığı ; _vyayın no 139. |
|
| 490 | 1 | _a | |
| 500 | _aKaynakça var. | ||
| 650 | 0 |
_aFetvalar--1800'den Önceki Çalışmalar. _9106734 |
|
| 650 | 0 |
_aGörüş Bildirme (İslam Hukuku)--Türkiye. _9106735 |
|
| 650 | 0 |
_aİslam Hukuku--Türkiye--Kaynaklar. _9106736 |
|
| 650 | 0 |
_aFatwās--Early Works to 1800. _9106737 |
|
| 650 | 0 |
_aAdvisory Opinions (Islamic Law)--Turkey. _9106738 |
|
| 650 | 0 |
_aIslamic Law--Turkey--Sources. _9106739 |
|
| 830 | 1 |
_aT.C. _96297 |
|
| 830 | 1 |
_aBaşbakanlık Devlet Arşivleri Genel Müdürlüğü Osmanlı Arşivi Daire Başkanlığı ; _vyayın no 139. _915935 |
|
| 830 | 1 |
_a _91620 |
|
| 942 |
_2lcc _cBK |
||
| 999 |
_c57406 _d57406 |
||